LIBRARY & INFORMATION CENTRE, KCAET, TAVANUR

ONLINE PUBLIC ACCESS CATALOGUE (OPAC)

Normal view MARC view
  • Nasar, Syed A

Entry Personal Name

Number of records used in: 1

001 - CONTROL NUMBER

  • control field: 6504

003 - CONTROL NUMBER IDENTIFIER

  • control field: OSt

005 - DATE AND TIME OF LATEST TRANSACTION

  • control field: 20241218151347.0

008 - FIXED-LENGTH DATA ELEMENTS

  • fixed length control field: 241218|| aca||aabn | a|a d

040 ## - CATALOGING SOURCE

  • Original cataloging agency: OSt
  • Transcribing agency: OSt

100 ## - HEADING--PERSONAL NAME

  • Personal name: Nasar, Syed A

670 ## - SOURCE DATA FOUND

  • Source citation: Work cat.: (OSt)13432: Nasar, Syed A ., Electric machines and power systems / , 2003.
free website counter